000 00921nam a2200229Ii 4500
003 JO-AjNU
008 230605s9999||||xx |||||||||||||| ||und||
017 _a2015/5/2462
020 _a978-9957-70-986-0
040 _aJO-AjNU
_bara
_erda
_cJO-AjNU
041 _aara
050 1 4 _aPJ6121.B363 2016
100 3 _aبني بكر، عبد القادر مرعي ,
_eauthor
_958954
245 0 0 _aالمصطلح الصوتي عند علماء العربية القدماء في ضوء علم اللغة المعاصر
250 _aط1
264 3 1 _aاربد: عالم الكتب الحديث للنشر والتوزيع، 2019
300 _a280ص
336 _atext
_btxt
_2rdacontent
337 _aunmediated
_bn
_2rdamedia
338 _avolume
_bnc
_2rdacarrier
650 4 _aالاصوات اللغوية-مصطلحات-اللغة العربية-الاصوات-مصطلحات-النطق-اصوات كلامية
_958955
999 _aA26505
_c30073
_d30073